000 00214nam a2200097Ia 4500
005 20251222114409.0
008 251222s1900||||xx |||||||||||||| ||spa||
082 _aDVD0060/S81
245 0 _aReality Bites:
942 _cDVD
999 _c1972
_d1972